000 00361nam a2200133Ia 4500
008 220217s9999||||xx |||||||||||||| ||und||
020 _a81-261-1638-2
082 _a005.13 SUD
100 _aDawra, Sudhir
_93298
245 0 _aComputer programming in c
260 _aAnmol publications
_bNew Delhi
_c2003
300 _b500
650 _aPROGRAMMING LANGUAGE
999 _c171325
_d171325